Central Library OPAC University of Rajshahi

A time for courage : (Record no. 63789)

MARC details
000 -LEADER
fixed length control field 00801nam a2200253 a 4500
001 - CONTROL NUMBER
control field 63789
003 - CONTROL NUMBER IDENTIFIER
rucl marc code BD-RjUL
005 - DATE AND TIME OF LATEST TRANSACTION
control field 20211209081231.0
008 - FIXED-LENGTH DATA ELEMENTS--GENERAL INFORMATION
fixed length control field 170204s1985 us af b 001 0 eng d
020 ## - INTERNATIONAL STANDARD BOOK NUMBER
International Standard Book Number 0026169703
035 ## - SYSTEM CONTROL NUMBER
System control number (BD-RjUL)63919
040 ## - CATALOGING SOURCE
Original cataloging agency BD-RjUL
Language of cataloging eng
Transcribing agency BD-RjUL
041 ## - LANGUAGE CODE
Language code of text/sound track or separate title eng
082 ## - DEWEY DECIMAL CLASSIFICATION NUMBER
Edition number 23
Classification number 940.544941
Author mark and year TET 1985
100 1# - MAIN ENTRY--PERSONAL NAME
Personal name Terraine, John
9 (RLIN) 189354
245 12 - TITLE STATEMENT
Title A time for courage :
Remainder of title the Royal Air Force in the European War, 1939-1945 /
Statement of responsibility, etc. by John Terraine
260 ## - PUBLICATION, DISTRIBUTION, ETC. (IMPRINT)
Place of publication, distribution, etc. New York, N.Y :
Name of publisher, distributor, etc. Macmillan,
Date of publication, distribution, etc. c1985
300 ## - PHYSICAL DESCRIPTION
Pagination xix, 828 p. :
Illustrations ill ;
Size 24 cm.
504 ## - BIBLIOGRAPHY, ETC. NOTE
Bibliography, etc Bibliography: p. 793-799
Bibliography, etc Includes index
610 10 - SUBJECT ADDED ENTRY--CORPORATE NAME
Corporate name or jurisdiction name as entry element Great Britain.
Subordinate unit Royal Air Force
650 #0 - SUBJECT ADDED ENTRY--TOPICAL TERM
Topical term or geographic name as entry element World War, 1939-1945
General subdivision Aerial operations, British
9 (RLIN) 189356
942 ## - ADDED ENTRY ELEMENTS (KOHA)
Source of classification or shelving scheme Dewey Decimal Classification
Koha item type Books
Holdings
Lost status Source of classification or shelving scheme Damaged status Not for loan Collection code Permanent Location Current Location Shelving location Date acquired Source of acquisition Total Checkouts Full call number Date last seen Copy number Koha item type
  Dewey Decimal Classification   Not For Loan Non-fiction Central Library, University of Rajshahi Central Library, University of Rajshahi Reading Room 18/01/1988 Asia Foundation   940.544941 TET 1985 04/02/2017 C-1 Books